| 000 | 00566nam a22002057a 4500 | ||
|---|---|---|---|
| 003 | OSt | ||
| 005 | 20160513141030.0 | ||
| 008 | 160513b xxu||||| |||| 00| 0 eng d | ||
| 020 | _a0865427313 | ||
| 040 | _cDDC. | ||
| 082 | _a591.51BEH 1997 | ||
| 100 |
_aEdited by .Krebs,J.R;Davies,N.B; _98754 |
||
| 245 |
_aBehavioural Ecology: _bAn Evolutionary Approach. |
||
| 250 | _a4th ed | ||
| 260 |
_aUSA. _bBlackwell Sciences. _c1997. |
||
| 300 |
_aviii,456p; _bill; _c26cm. |
||
| 504 | _aincludes references and index. | ||
| 650 |
_aBiology. _95602 |
||
| 942 |
_2ddc _cSLOAN |
||
| 999 |
_c4011 _d4011 |
||